[Event "79th UKR-ch"]
[Site "Alushta UKR"]
[Date "2010.05.03"]
[Round "1"]
[White "Borzov, Dmytro"]
[WhiteElo "2173"]
[Black "Kovalenko, Igor"]
[BlackElo "2503"]
[Result "0-1"]
[EventDate "2010.05.02"]
[PlyCount "116"]

1. d4 Nf6 2. c4 e6 3. Nc3 Bb4 4. Qc2 O-O 5. a3 Bxc3+ 6. Qxc3 d5 7. Bg5 b6 8. e3
Bb7 9. f3 Nbd7 10. cxd5 exd5 11. Bd3 c5 12. Ne2 Qe7 13. Ng3 h6 14. Nf5 Qe6 15.
Bf4 Rfd8 16. g4 a5 17. O-O Ba6 18. Bxa6 Rxa6 19. Rad1 c4 20. Rfe1 h5 21. h3
hxg4 22. hxg4 b5 23. Kf2 g6 24. Ng3 b4 25. axb4 axb4 26. Qxb4 Rda8 27. e4 Rb6
28. Qd2 Ra2 29. Rb1 Rb3 30. Qc2 dxe4 31. Nxe4 Rxf3+ 32. Kxf3 Qxg4+ 33. Kf2
Qxf4+ 34. Kg1 Ng4 35. Qd2 Qxd2 36. Nxd2 c3 37. Nc4 cxb2 38. Rxb2 Ra4 39. Re7
Ngf6 40. Rc2 Kf8 41. Re1 Nd5 42. Ne5 N7f6 43. Rc4 Ra7 44. Rc5 Nf4 45. Rc4 Kg7
46. Nc6 Ra2 47. Ne5 Ne2+ 48. Rxe2 Rxe2 49. Rc7 Kh6 50. Rxf7 Nd5 51. Rf8 g5 52.
Rh8+ Kg7 53. Rd8 Nf4 54. Kf1 Ra2 55. Rd6 Kf8 56. Rf6+ Ke7 57. Rb6 Nh3 58. Rg6
Ra1+ 0-1

[Event "79th UKR-ch"]
[Site "Alushta UKR"]
[Date "2010.05.03"]
[Round "1"]
[White "Yakymov, Volodymyr"]
[WhiteElo "2476"]
[Black "Baranov, Yuriy"]
[BlackElo "2170"]
[Result "1-0"]
[EventDate "2010.05.02"]
[PlyCount "67"]

1. e4 c6 2. d4 d5 3. exd5 cxd5 4. c4 Nf6 5. Nc3 e6 6. Nf3 Bb4 7. cxd5 Nxd5 8.
Bd2 Nc6 9. Bd3 O-O 10. O-O Be7 11. a3 Bf6 12. Be3 Nce7 13. Qc2 h6 14. Qd2 Nf5
15. Rfe1 Bd7 16. Nxd5 exd5 17. Ne5 Re8 18. f4 Nd6 19. Qb4 Be6 20. Rad1 a5 21.
Qb3 b5 22. Qc2 Rc8 23. Qb1 Nc4 24. Bh7+ Kf8 25. Bf5 Qd6 26. Bxe6 Qxe6 27. Qh7
Bxe5 28. dxe5 Nxe3 29. Rxe3 Qb6 30. Kf1 g5 31. fxg5 hxg5 32. Rxd5 Rc7 33. Qh8+
Ke7 34. Qf6+ 1-0

[Event "79th UKR-ch"]
[Site "Alushta UKR"]
[Date "2010.05.03"]
[Round "1"]
[White "Matiushyn, Oleh"]
[WhiteElo "2168"]
[Black "Matiushin, Gennady"]
[BlackElo "2473"]
[Result "0-1"]
[EventDate "2010.05.02"]
[PlyCount "52"]

1. e4 c6 2. d3 d5 3. Nd2 Nf6 4. Ngf3 Bg4 5. h3 Bh5 6. c3 e6 7. Qb3 Qc7 8. e5
Nfd7 9. d4 c5 10. Bb5 Nc6 11. O-O Be7 12. Re1 O-O 13. a4 cxd4 14. cxd4 Nb4 15.
Bxd7 Qxd7 16. Nf1 Bxf3 17. gxf3 f6 18. Bf4 Nc6 19. Rad1 Rf7 20. Bg3 Raf8 21. f4
Bd8 22. f5 fxe5 23. fxe6 Qxe6 24. dxe5 Bb6 25. Qxd5 Qxd5 26. Rxd5 Rxf2 0-1

[Event "79th UKR-ch"]
[Site "Alushta UKR"]
[Date "2010.05.03"]
[Round "1"]
[White "Budnikov, Oleg"]
[WhiteElo "2391"]
[Black "Cherednychenko, Olena"]
[BlackElo "2125"]
[Result "1/2-1/2"]
[EventDate "2010.05.02"]
[PlyCount "78"]

1. d4 Nf6 2. c4 e6 3. Nc3 Bb4 4. e3 b6 5. Nge2 Ba6 6. a3 Bxc3+ 7. Nxc3 d5 8. b3
O-O 9. Bd3 c5 10. dxc5 bxc5 11. O-O dxc4 12. bxc4 Nbd7 13. Ne4 Ne5 14. Nxc5
Bxc4 15. Bxc4 Qxd1 16. Rxd1 Nxc4 17. Bd2 Nxd2 18. Rxd2 Rfd8 19. Rxd8+ 19...
Rxd8 $11 20. Rb1 g6 21. f3 Nd5 22. e4 Nb6 23. a4 Nc4 24. Rc1 Na5 25. Kf2 Rd2+
26. Kg3 Rd4 27. e5 Rc4 28. Rxc4 Nxc4 29. Kf4 Kf8 30. Ke4 Ke7 31. Kd4 Na5 32. f4
f6 33. Nd3 fxe5+ 34. Nxe5 Kf6 35. Kc5 Kf5 36. Nd3 Ke4 37. Nc1 Kxf4 38. Kb5 Nb7
39. Kc6 Na5+ 1/2-1/2

[Event "79th UKR-ch"]
[Site "Alushta UKR"]
[Date "2010.05.03"]
[Round "1"]
[White "Maslov, Valentin"]
[WhiteElo "2116"]
[Black "Truskavetsky, Alexandr"]
[BlackElo "2386"]
[Result "0-1"]
[EventDate "2010.05.02"]
[PlyCount "74"]

1. e4 c5 2. Nf3 e6 3. Nc3 a6 4. a4 Nc6 5. d4 cxd4 6. Nxd4 Qc7 7. Be3 Bb4 8. Be2
Nf6 9. f3 d5 10. Nxc6 Qxc6 11. O-O dxe4 12. Qd4 Bxc3 13. bxc3 O-O 14. fxe4 Qxe4
15. Rxf6 Qxd4 16. Bxd4 gxf6 17. Bxf6 e5 18. Rf1 e4 19. Rf4 Re8 20. Kf2 Bd7 21.
a5 Rac8 22. Bd4 f5 23. Ke3 Rc6 24. Rh4 Rec8 25. Kd2 Rd6 26. Ke3 Rd5 27. Rh6
Rxa5 28. Rd6 Be8 29. g4 Bb5 30. Bd1 Ra1 31. Be5 Re8 32. Bg3 Ra3 33. Be1 f4+ 34.
Kxf4 e3 35. Bf3 e2 36. Bd5+ Kg7 37. Bh4 e1=Q 0-1

[Event "79th UKR-ch"]
[Site "Alushta UKR"]
[Date "2010.05.03"]
[Round "1"]
[White "Gorbatenko, Kateryna"]
[WhiteElo "2092"]
[Black "Polivanov, Anatoliy"]
[BlackElo "2381"]
[Result "1/2-1/2"]
[EventDate "2010.05.02"]
[PlyCount "91"]

1. d4 Nf6 2. c4 e6 3. Nf3 c5 4. d5 b5 5. dxe6 fxe6 6. cxb5 d5 7. e3 Bd6 8. Nc3
Bb7 9. Be2 O-O 10. O-O Nbd7 11. a4 Qe7 12. a5 Rad8 13. Qc2 Kh8 14. Re1 e5 15.
e4 d4 16. Nd5 Nxd5 17. exd5 e4 18. Bg5 Qf7 19. Qxe4 Rde8 20. Qh4 Bxd5 21. Bd3
Nf6 22. Bxf6 gxf6 23. Be4 Rb8 24. b4 Rxb5 25. bxc5 Bxc5 26. Reb1 Rxb1+ 27. Rxb1
Bxe4 28. Qxe4 Qg6 29. Qxg6 hxg6 30. Rc1 Bb4 31. Nxd4 Bxa5 32. Kf1 Bb6 33. Nb5
Rd8 34. Rc6 Rd1+ 35. Ke2 Rb1 36. Nxa7 Rb2+ 37. Kf3 Bxf2 38. Rc7 Be1 39. Rc1
Rf2+ 40. Ke3 Bd2+ 41. Kxf2 Bxc1 42. Nb5 Kg7 43. Kf3 f5 44. Nd4 Kf6 45. g4 Bb2
46. Nxf5 $11 1/2-1/2

[Event "79th UKR-ch"]
[Site "Alushta UKR"]
[Date "2010.05.03"]
[Round "1"]
[White "Kurochkin, Valerii"]
[WhiteElo "2369"]
[Black "Lomakin, Viktor"]
[BlackElo "2087"]
[Result "1/2-1/2"]
[EventDate "2010.05.02"]
[PlyCount "91"]

1. d4 c5 2. d5 g6 3. e4 Bg7 4. Nf3 d6 5. Be2 Nf6 6. Nc3 O-O 7. Nd2 Na6 8. O-O
Nc7 9. a4 b6 10. Nc4 Ba6 11. Ne3 Bxe2 12. Qxe2 a6 13. Nc4 b5 14. Na5 Qd7 15.
Bg5 h6 16. Bh4 g5 17. Bg3 e6 18. axb5 axb5 19. dxe6 Qxe6 20. e5 dxe5 21. Nxb5
Nxb5 22. Qxb5 Ne4 23. Qc4 Nxg3 24. hxg3 Qb6 25. Nb3 Rac8 26. Ra6 Qb4 27. Ra4
Qb7 28. Rfa1 e4 29. Qxe4 Qxe4 30. Rxe4 Bxb2 31. Ra2 Bf6 32. Ra6 Kg7 33. Rc4
Rfd8 34. Rxc5 Rd1+ 35. Kh2 Re8 36. g4 Re2 37. Rf5 Be5+ 38. g3 Rxc2 39. Kg2 f6
40. Rf3 Rc4 41. Na5 Rcc1 42. Rb3 h5 43. Kf3 hxg4+ 44. Kxg4 44... Rc2 $11 45.
Nc6 Bd6 46. f4 1/2-1/2

[Event "79th UKR-ch"]
[Site "Alushta UKR"]
[Date "2010.05.03"]
[Round "1"]
[White "Kozel, Roman"]
[WhiteElo "2353"]
[Black "Linker, Mikhail"]
[BlackElo "2053"]
[Result "1-0"]
[EventDate "2010.05.02"]
[PlyCount "101"]

1. Nf3 Nf6 2. d3 e6 3. e4 d6 4. Be2 b6 5. O-O Bb7 6. Nc3 Be7 7. Bd2 O-O 8. Ng5
d5 9. Bf3 h6 10. exd5 exd5 11. Nh3 Nbd7 12. Re1 Nc5 13. Nf4 Re8 14. d4 Nce4 15.
Nfxd5 Nxc3 16. Nxe7+ Rxe7 17. Bxc3 Rxe1+ 18. Bxe1 Bxf3 19. Qxf3 Qe8 20. Bd2 Rd8
21. Bxh6 Rxd4 22. Be3 Re4 23. h3 Nd5 24. Bd2 c6 25. Rd1 Qe5 26. b3 b5 27. g3 b4
28. Kg2 a5 29. Bc1 Re2 30. Bb2 Qe6 31. Rd4 Rxc2 32. Re4 Qd7 33. Bd4 c5 34. Re5
cxd4 35. Rxd5 Qc6 36. Rxa5 d3 37. Qxc6 Rxc6 38. Rd5 Rc3 39. Rd4 Rc2 40. Rxd3
Rxa2 41. Rd4 Rb2 42. Rxb4 g6 43. h4 Kg7 44. Rb7 Kf6 45. b4 Ke6 46. b5 Kf6 47.
b6 Ke6 48. g4 Rb5 49. Kg3 Rb3+ 50. f3 Rb4 51. Rb8 1-0

[Event "79th UKR-ch"]
[Site "Alushta UKR"]
[Date "2010.05.03"]
[Round "1"]
[White "Bortnyk, Olexandr"]
[WhiteElo "2339"]
[Black "Petrova, Irina"]
[BlackElo "2013"]
[Result "1-0"]
[EventDate "2010.05.02"]
[PlyCount "47"]

1. e4 c5 2. b4 cxb4 3. a3 d5 4. exd5 Qxd5 5. Nf3 e5 6. c4 bxc3 7. Nxc3 Qe6 8.
Bb2 f6 9. Nb5 Na6 10. Rc1 Nh6 11. Bc4 Qb6 12. O-O Be6 13. Bxe6 Qxe6 14. Qa4 Qd7
15. d4 Be7 16. dxe5 O-O 17. Qb3+ Kh8 18. Rfd1 Qe8 19. Nd6 Bxd6 20. Rxd6 fxe5
21. Rxh6 Rxf3 22. Qxf3 gxh6 23. Qf6+ Kg8 24. Bxe5 1-0

[Event "79th UKR-ch"]
[Site "Alushta UKR"]
[Date "2010.05.03"]
[Round "1"]
[White "Tantsiura, Maria"]
[WhiteElo "2011"]
[Black "Lysak, Igor"]
[BlackElo "2337"]
[Result "1-0"]
[EventDate "2010.05.02"]
[PlyCount "59"]

1. e4 e6 2. d4 d5 3. Nc3 Nf6 4. e5 Nfd7 5. f4 c5 6. Nf3 Nc6 7. Be3 a6 8. Qd2 b5
9. dxc5 Nxc5 10. Qf2 Nd7 11. Nd4 Nxd4 12. Bxd4 Qc7 13. Bd3 b4 14. Ne2 a5 15.
O-O g6 16. g4 h5 17. f5 gxf5 18. gxf5 Nxe5 19. Bb5+ Bd7 20. Bxd7+ Kxd7 21.
fxe6+ fxe6 22. Qg3 Bd6 23. Bxe5 Qc5+ 24. Kh1 Rag8 25. Rf7+ Be7 26. Qf3 Rh6 27.
Nd4 Rhg6 28. Bf6 Re8 29. Nxe6 Kxe6 30. Bxe7 1-0

[Event "79th UKR-ch"]
[Site "Alushta UKR"]
[Date "2010.05.03"]
[Round "1"]
[White "Kuchin, Pavel"]
[WhiteElo "1994"]
[Black "Shankovskyi, Andrii"]
[BlackElo "2303"]
[Result "0-1"]
[EventDate "2010.05.02"]
[PlyCount "102"]

1. e4 e6 2. d3 d5 3. Nd2 Nf6 4. Ngf3 Bc5 5. h3 Nc6 6. c3 O-O 7. e5 Nd7 8. d4
Be7 9. Bd3 f6 10. exf6 Bxf6 11. Nb3 e5 12. Bb5 e4 13. Nh2 Qe8 14. Be3 Ne7 15.
Ng4 c6 16. Nxf6+ Nxf6 17. Be2 Qg6 18. g4 h6 19. Qd2 Nh7 20. O-O-O Ng5 21. Rdg1
Nf3 22. Bxf3 Rxf3 23. Qe2 Qd6 24. Nd2 Rf8 25. g5 Kh7 26. gxh6 gxh6 27. h4 Bf5
28. Qh5 Qf6 29. Bf4 Rg8 30. Be5 Qe6 31. Bf4 Bg4 32. Qe5 Qxe5 33. Bxe5 h5 34.
Re1 Ng6 35. Bg3 Raf8 36. Nf1 Nf4 37. Bxf4 Rxf4 38. Rh2 Rgf8 39. Ne3 Rxf2 40.
Rhh1 b5 41. a3 a5 42. b3 Ra2 43. Rhf1 Rxf1 44. Rxf1 Kg7 45. Nc2 $11 45... b4
46. cxb4 axb4 47. a4 c5 48. dxc5 d4 49. Kb1 e3 50. Kxa2 e2 51. Re1 d3 0-1

[Event "79th UKR-ch"]
[Site "Alushta UKR"]
[Date "2010.05.03"]
[Round "1"]
[White "Melnichuk, Mikhail"]
[WhiteElo "2303"]
[Black "Kalinina, Marianna"]
[BlackElo "1979"]
[Result "1-0"]
[EventDate "2010.05.02"]
[PlyCount "73"]

1. Nf3 Nf6 2. c4 g6 3. Nc3 Bg7 4. e4 d6 5. d4 O-O 6. Be2 e5 7. O-O Bg4 8. Be3
Nbd7 9. h3 Bxf3 10. Bxf3 exd4 11. Bxd4 Re8 12. Qc2 Ne5 13. Be2 Nc6 14. Be3 Qe7
15. f3 Rac8 16. Rfd1 Nd7 17. Bf2 f5 18. exf5 gxf5 19. Bf1 Qg5 20. Nd5 Ne7 21.
f4 Qg6 22. Bd3 Nxd5 23. Bxf5 Nb4 24. Bxg6 Nxc2 25. Bxc2 Nb6 26. Bd4 Re2 27.
Rac1 Nxc4 28. Bb3 b5 29. Rxc4 Bxd4+ 30. Rcxd4+ Kg7 31. R4d2 Re4 32. f5 Kf6 33.
Be6 Re8 34. Rc1 Re7 35. Rc6 Rg7 36. Rdc2 Re3 37. Rxc7 1-0

[Event "79th UKR-ch"]
[Site "Alushta UKR"]
[Date "2010.05.03"]
[Round "1"]
[White "Harnazhenko, Dmytro"]
[WhiteElo "1969"]
[Black "Dolzhykova, Kateryna"]
[BlackElo "2300"]
[Result "1-0"]
[EventDate "2010.05.02"]
[PlyCount "81"]

1. e4 e5 2. Nc3 Nc6 3. g3 g6 4. Bg2 Bg7 5. Nge2 Nge7 6. O-O d6 7. d3 O-O 8. f4
f5 9. h3 Be6 10. Be3 d5 11. exd5 Nxd5 12. Bc5 Re8 13. Qd2 Qd7 14. fxe5 Nxe5 15.
Nf4 Nxf4 16. Qxf4 c6 17. Rae1 Nf7 18. Kh2 b6 19. Be3 Rad8 20. Qa4 Rc8 21. Re2
g5 22. Rfe1 Be5 23. Bf2 b5 24. Qxa7 Bxg3+ 25. Kxg3 Qd6+ 26. Re5 f4+ 27. Kh2
Nxe5 28. Bc5 Qd8 29. Rxe5 f3 30. Ne4 Rc7 31. Qa5 Rg7 32. Qxd8 Rxd8 33. Bxf3
Bxa2 34. b3 h6 35. Nc3 Bxb3 36. cxb3 Rxd3 37. Re8+ Kf7 38. Bh5+ Kf6 39. Ne4+
Kf5 40. Bg4+ Kg6 41. Re6+ 1-0

[Event "79th UKR-ch"]
[Site "Alushta UKR"]
[Date "2010.05.03"]
[Round "1"]
[White "Barantseva, Oleksandra"]
[WhiteElo "1855"]
[Black "Stratulat, Sergey"]
[BlackElo "2236"]
[Result "0-1"]
[EventDate "2010.05.02"]
[PlyCount "44"]

1. c4 e5 2. Nc3 Bb4 3. g3 Bxc3 4. bxc3 d6 5. Bg2 Nc6 6. d3 f5 7. e3 Nf6 8. Ne2
O-O 9. O-O Qe8 10. Rb1 b6 11. Ba3 Ba6 12. c5 dxc5 13. d4 Rd8 14. Qc2 exd4 15.
cxd4 Bxe2 16. Bxc6 Qxc6 17. Qxe2 Rfe8 18. dxc5 Ne4 19. cxb6 axb6 20. Rbc1 Qa8
21. Qb2 c5 22. f4 Rd3 0-1

[Event "79th UKR-ch"]
[Site "Alushta UKR"]
[Date "2010.05.03"]
[Round "1"]
[White "Kotyk, Vitalii"]
[WhiteElo "1817"]
[Black "Omelia, Artem"]
[BlackElo "2231"]
[Result "0-1"]
[EventDate "2010.05.02"]
[PlyCount "122"]

1. d4 Nf6 2. Nc3 d5 3. Bg5 Nbd7 4. Qd3 h6 5. Bh4 e6 6. O-O-O Be7 7. e4 dxe4 8.
Nxe4 Nxe4 9. Bxe7 Nxf2 10. Qf3 Qxe7 11. Qxf2 O-O 12. Nf3 c5 13. Bb5 cxd4 14.
Qxd4 Nf6 15. g4 a6 16. Bd3 Nd5 17. Qe4 g6 18. h4 Nb4 19. h5 Nxd3+ 20. Rxd3 g5
21. Rf1 f5 22. gxf5 Rxf5 23. Rfd1 Qc7 24. Rd8+ Kf7 25. R1d6 Qc5 26. Rd5 Qxd5
27. Rxd5 exd5 28. Qd4 Bd7 29. Ne5+ Ke6 30. Nxd7 Kxd7 31. Qg7+ Ke6 32. Qxh6+ Ke5
33. Qg7+ Kf4 34. h6 Rff8 35. h7 Rh8 36. Qf7+ Kg3 37. Qh5 Kf4 38. Kd2 Rae8 39.
Qg6 Rhf8 40. Qg7 g4 41. Qh6+ Kg3 42. Qd6+ $11 42... Kh3 43. Qh6+ Kg2 44. Qg5 g3
45. Qxd5+ Kh2 46. Qh5+ Kg1 47. Qc5+ Rf2+ 48. Kc3 g2 49. Qd4 Ref8 50. h8=Q Rxh8
51. Qxh8 Rf3+ 52. Kd2 Kf1 53. Qh5 Rf2+ 54. Ke3 g1=Q 55. Qd1+ Kg2 56. Qg4+ Kh1
57. Qe4+ Qg2 58. Qh4+ Kg1 59. Qh5 Qg3+ 60. Kd4 Qf4+ 61. Kd3 Qf3+ 0-1

[Event "79th UKR-ch"]
[Site "Alushta UKR"]
[Date "2010.05.04"]
[Round "2"]
[White "Stolpovskyi, Serhii"]
[WhiteElo "2187"]
[Black "Kozel, Roman"]
[BlackElo "2353"]
[Result "0-1"]
[EventDate "2010.05.02"]
[PlyCount "70"]

1. d4 Nf6 2. c4 d6 3. Nc3 Bf5 4. Nf3 g6 5. Bg5 Bg7 6. e3 O-O 7. Bd3 Bg4 8. h3
Bxf3 9. Qxf3 c5 10. O-O Nc6 11. d5 Ne5 12. Qe2 a6 13. a4 Qa5 14. f4 Nxd3 15.
Qxd3 Nd7 16. Bh4 Qb4 17. a5 b5 18. cxb5 c4 19. Qc2 axb5 20. a6 Rfe8 21. Be1 Nc5
22. Nd1 Qb3 23. Qd2 Rxa6 24. Rxa6 Nxa6 25. e4 Nc5 26. Rf3 Nd3 27. h4 Ra8 28.
Rf1 Ra1 29. Bf2 Nxb2 30. Ne3 Rxf1+ 31. Nxf1 Bc3 32. Qe2 Qd1 33. Qe3 Nd3 34. Bg3
Nc1 35. Kh2 Bd4 0-1

[Event "79th UKR-ch"]
[Site "Alushta UKR"]
[Date "2010.05.04"]
[Round "2"]
[White "Kovalenko, Igor"]
[WhiteElo "2503"]
[Black "Melnichuk, Mikhail"]
[BlackElo "2303"]
[Result "1/2-1/2"]
[EventDate "2010.05.02"]
[PlyCount "78"]

1. e4 e5 2. Nf3 Nf6 3. Nxe5 d6 4. Nf3 Nxe4 5. d4 d5 6. Bd3 Nc6 7. O-O Bg4 8. c4
Be7 9. Nc3 Nxc3 10. bxc3 O-O 11. h3 Bh5 12. Re1 dxc4 13. Bxc4 Bd6 14. Rb1 Na5
15. Bd3 b6 16. Rb5 Bg6 17. c4 Re8 18. Be3 Bxd3 19. Qxd3 c5 20. Rd1 Nb7 21. Qc2
Qf6 22. Qa4 Bf4 23. Bxf4 Qxf4 24. Qa6 Qc7 25. d5 Nd6 26. Rb3 Re4 27. Rc3 27...
Re2 $11 28. Rd2 Rae8 29. Rxe2 Rxe2 30. Qa4 h6 31. Ra3 Re7 32. Re3 Rxe3 33. fxe3
Qe7 34. Qb3 Qe4 35. Nd2 Qe5 36. Qd3 Qa1+ 37. Kh2 Qe5+ 38. Kg1 Qa1+ 39. Kh2 Qe5+
1/2-1/2

[Event "79th UKR-ch"]
[Site "Alushta UKR"]
[Date "2010.05.04"]
[Round "2"]
[White "Matiushin, Gennady"]
[WhiteElo "2473"]
[Black "Vypkhaniuk, Ihor"]
[BlackElo "2276"]
[Result "1/2-1/2"]
[EventDate "2010.05.02"]
[PlyCount "100"]

1. d4 Nf6 2. c4 c5 3. d5 b5 4. cxb5 a6 5. b6 e6 6. Nc3 Nxd5 7. Nxd5 exd5 8.
Qxd5 Nc6 9. e4 Be7 10. Bc4 O-O 11. Nf3 Rb8 12. Bd2 Rxb6 13. Bc3 d6 14. O-O Be6
15. Qd3 Nb4 16. Qe2 Bxc4 17. Qxc4 d5 18. exd5 Qxd5 19. Nd2 Rg6 20. Qxd5 Nxd5
21. Be5 Re6 22. Nc4 f6 23. Bg3 Nb6 24. Nxb6 Rxb6 25. Rfe1 Kf7 26. Re2 c4 27.
Kf1 Bd6 28. Rd1 Bxg3 29. Rd7+ Kg6 30. hxg3 Rfb8 31. Ree7 Rg8 32. Rb7 Rxb7 33.
Rxb7 Rc8 34. Rb6 a5 35. a4 c3 36. bxc3 Rxc3 37. Rb5 Rc2 38. Rxa5 h5 39. Ra8 Ra2
40. f3 Kh7 41. Ra7 Kh6 42. Ra8 g5 43. a5 Kg7 44. Kg1 Kh7 45. Kh2 Ra1 46. g4 h4
47. g3 Ra2+ 48. Kh3 hxg3 49. Kxg3 Kg7 50. a6 Kh7 1/2-1/2

[Event "79th UKR-ch"]
[Site "Alushta UKR"]
[Date "2010.05.04"]
[Round "2"]
[White "Stratulat, Sergey"]
[WhiteElo "2236"]
[Black "Kislinsky, Alexey"]
[BlackElo "2472"]
[Result "0-1"]
[EventDate "2010.05.02"]
[PlyCount "126"]

1. e4 c5 2. f4 g6 3. Nf3 Bg7 4. Nc3 a6 5. d3 Nc6 6. g4 d6 7. h3 h5 8. g5 e6 9.
Bd2 Nge7 10. Qe2 Qc7 11. h4 Nd4 12. Nxd4 cxd4 13. Nd1 Qxc2 14. Bh3 Qc7 15. Rc1
Nc6 16. f5 Be5 17. O-O Qe7 18. Qf3 Bd7 19. Nf2 a5 20. Nh1 a4 21. Rf2 a3 22. b3
Rc8 23. Ng3 Na7 24. Rcf1 Nb5 25. Bb4 Nc3 26. Bxa3 Ra8 27. Bb4 exf5 28. exf5 Bc6
29. Ne4 Nxe4 30. dxe4 O-O 31. Bg2 Bb5 32. Rd1 Rac8 33. Bf1 Qd7 34. a4 Ba6 35.
Bd3 Rfe8 36. Rdf1 Rc6 37. Kg2 Rb6 38. Bxa6 bxa6 39. Ba5 Rb7 40. Qd3 Reb8 41. b4
Qxa4 42. fxg6 fxg6 43. Qc4+ Kh7 44. Rf7+ Bg7 45. Bc7 Rg8 46. Bxd6 Rxf7 47. Rxf7
d3 48. Qxd3 Qa2+ 49. Rf2 Qe6 50. e5 Rc8 51. Qh3 Qd5+ 52. Qf3 Qc4 53. Qf4 Qb3
54. Qf7 Rc4 55. Qf3 Rg4+ 56. Kh3 Qe6 57. Kh2 Rxh4+ 58. Kg1 Qc4 59. Be7 Qc1+ 60.
Rf1 Qd2 61. Qf2 Rg4+ 62. Kh1 Qd5+ 63. Qf3 Qxe5 0-1

[Event "79th UKR-ch"]
[Site "Alushta UKR"]
[Date "2010.05.04"]
[Round "2"]
[White "Omelia, Artem"]
[WhiteElo "2231"]
[Black "Syvuk, Vitalii"]
[BlackElo "2436"]
[Result "0-1"]
[EventDate "2010.05.02"]
[PlyCount "106"]

1. d4 f5 2. Nc3 d5 3. Bg5 g6 4. e3 Nh6 5. Bf4 c6 6. h4 Nf7 7. Qf3 Nd7 8. Qg3
Nf6 9. Be2 Nd6 10. Bxd6 Qxd6 11. Qxd6 exd6 12. Nh3 Be7 13. Kd2 b5 14. a3 a5 15.
h5 Bd7 16. hxg6 hxg6 17. Ng5 O-O 18. f4 Kg7 19. Nd1 Ne4+ 20. Nxe4 dxe4 21. Nf2
c5 22. c3 Rfb8 23. g4 b4 24. axb4 axb4 25. c4 Bf6 26. g5 Bd8 27. dxc5 b3 28.
cxd6 Ra2 29. Kc3 Ba5+ 30. Kd4 Bb4 31. Rxa2 bxa2 32. Ra1 Ra8 33. Bd1 Ra6 34. c5
Ra5 35. Bb3 Bxc5+ 36. Kc3 Bxe3 37. Nh3 Ra6 38. Rxa2 Rc6+ 39. Bc4 Be6 40. b3
Bxc4 41. bxc4 Rxd6 42. Kb4 Rd1 43. Re2 Bd2+ 44. Kb5 e3 45. Rg2 Kf7 46. c5 Ke7
47. Rh2 Rc1 48. Kb6 Kd7 49. Kb5 Kc7 50. c6 Kd6 51. Rg2 Rc5+ 52. Ka4 Kxc6 53.
Ng1 Rc4+ 0-1

[Event "79th UKR-ch"]
[Site "Alushta UKR"]
[Date "2010.05.04"]
[Round "2"]
[White "Kutsyi, Oleksandr"]
[WhiteElo "2343"]
[Black "Rybakov, Serhii"]
[BlackElo "2034"]
[Result "1/2-1/2"]
[EventDate "2010.05.02"]
[PlyCount "147"]

1. e4 c5 2. c3 d5 3. exd5 Qxd5 4. d4 Nf6 5. Nf3 Bg4 6. Be2 e6 7. Na3 cxd4 8.
Nb5 Na6 9. Qa4 Nd7 10. cxd4 Bb4+ 11. Kf1 O-O 12. Nc3 Bxc3 13. bxc3 Nb6 14. Qb5
Qxb5 15. Bxb5 Rfc8 16. Bd2 Nc7 17. Bd3 Bxf3 18. gxf3 Ncd5 19. Rc1 Nc4 20. Ke2
Rc6 21. Rb1 Nxd2 22. Kxd2 Rxc3 23. Rxb7 Ra3 24. Rhb1 g6 25. R1b2 Rd8 26. Be4
Nb6 27. Ke1 Rxd4 28. Rc2 Rd7 29. Rxd7 Nxd7 30. Kd2 Ne5 31. Kc1 Nd3+ 32. Kb1 Nb4
33. Rb2 a5 34. Rb3 Rxb3+ 35. axb3 f5 36. Bb7 Kf7 37. Kb2 Nd3+ 38. Kc3 Nc5 39.
Bc6 Ke7 40. Kc4 Kd6 41. Be8 g5 42. Bf7 h6 43. Be8 e5 44. Bg6 f4 45. Bf5 Kc6 46.
Bg6 Ne6 47. Be4+ Kd6 48. Kb5 Nd4+ 49. Kxa5 Nxb3+ 50. Kb4 Nc5 51. Bg6 Kd5 52.
Kc3 e4 53. Kd2 exf3 54. Bh5 Ke4 55. Ke1 Nd3+ 56. Kf1 Ne5 57. h3 Kf5 58. Kg1 g4
59. hxg4+ Kg5 60. Be8 Kxg4 61. Bb5 h5 62. Ba6 Kf5 63. Bb7 Ke6 64. Kh2 Kd6 65.
Kh3 Nd3 66. Bxf3 Nxf2+ 67. Kh4 Ke5 68. Kxh5 Kd4 69. Kh4 Ke3 70. Bh5 Nd3 71. Kh3
Ne1 72. Bd1 Kf2 73. Kg4 Ng2 74. Bf3 1/2-1/2

[Event "79th UKR-ch"]
[Site "Alushta UKR"]
[Date "2010.05.04"]
[Round "2"]
[White "Lomakin, Viktor"]
[WhiteElo "2087"]
[Black "Budnikov, Oleg"]
[BlackElo "2391"]
[Result "0-1"]
[EventDate "2010.05.02"]
[PlyCount "60"]

1. d4 Nf6 2. c4 e6 3. Nf3 d5 4. e3 c6 5. Bd3 Nbd7 6. O-O dxc4 7. Bxc4 b5 8. Bd3
a6 9. a4 Bb7 10. e4 b4 11. e5 Nd5 12. Bg5 Qb8 13. Re1 c5 14. Nbd2 cxd4 15. Nc4
Bc5 16. a5 h6 17. Bh4 Nf4 18. Be4 d3 19. Bxb7 Qxb7 20. Nd6+ Bxd6 21. exd6 O-O
22. Be7 Rfc8 23. Re3 e5 24. Qf1 Qd5 25. Rd1 e4 26. Nd2 f5 27. g3 Ne2+ 28. Kh1
Rc2 29. f3 Qc5 30. Qf2 Rxd2 0-1

[Event "79th UKR-ch"]
[Site "Alushta UKR"]
[Date "2010.05.04"]
[Round "2"]
[White "Polivanov, Anatoliy"]
[WhiteElo "2381"]
[Black "Tiba, Vladyslav"]
[BlackElo "2008"]
[Result "1-0"]
[EventDate "2010.05.02"]
[PlyCount "65"]

1. e4 c5 2. Nf3 d6 3. d4 cxd4 4. Nxd4 Nf6 5. Nc3 g6 6. Be3 Bg7 7. f3 O-O 8. Qd2
Nc6 9. g4 Bd7 10. h4 Ne5 11. O-O-O Rb8 12. h5 b5 13. Kb1 Nc4 14. Bxc4 bxc4 15.
Ka1 Re8 16. hxg6 fxg6 17. Rb1 Qa5 18. Nde2 Rb4 19. Bd4 Reb8 20. g5 Ne8 21. Bxg7
Nxg7 22. Qd5+ Qxd5 23. Nxd5 R4b7 24. Nxe7+ Kf8 25. Rxh7 Be8 26. Nd5 Ne6 27.
Rh8+ Kf7 28. f4 Ba4 29. Rh7+ Kf8 30. Rxb7 Rxb7 31. b3 cxb3 32. axb3 Bc6 33. Nf6
1-0

[Event "79th UKR-ch"]
[Site "Alushta UKR"]
[Date "2010.05.04"]
[Round "2"]
[White "Cherednychenko, Olena"]
[WhiteElo "2125"]
[Black "Kurochkin, Valerii"]
[BlackElo "2369"]
[Result "1/2-1/2"]
[EventDate "2010.05.02"]
[PlyCount "97"]

1. d4 d5 2. Nf3 Nf6 3. e3 Bg4 4. c4 dxc4 5. Bxc4 e6 6. Nc3 Nbd7 7. O-O Bd6 8.
e4 e5 9. Be2 O-O 10. Bg5 h6 11. Bxf6 Qxf6 12. Nxe5 Bxe2 13. Qxe2 Nxe5 14. dxe5
Bxe5 15. Nd5 Qe6 16. f4 Bd6 17. Qf3 Rad8 18. Kh1 c6 19. Nc3 Bc5 20. e5 Bd4 21.
Ne4 f5 22. exf6 Bxf6 23. Nxf6+ Qxf6 24. Qb3+ Qf7 25. Qxf7+ Rxf7 26. Rf2 Rfd7
27. g3 Rd2 28. Raf1 Kf7 29. Kg2 c5 30. Rxd2 Rxd2+ 31. Rf2 Rd3 32. Rc2 b6 33.
Kf2 Ke6 34. Re2+ Kd5 35. Re5+ Kc4 36. Ke2 Rd7 37. Re4+ Kd5 38. Ke3 b5 39. b3 a5
40. Re5+ Kd6 41. Ke4 Rc7 42. Kd3 Ra7 43. Kc3 Rd7 44. Re8 Kd5 45. Re5+ Kc6 46.
Re6+ Kd5 47. Re5+ Kd6 48. Re8 Kd5 49. Re5+ 1/2-1/2

[Event "79th UKR-ch"]
[Site "Alushta UKR"]
[Date "2010.05.04"]
[Round "2"]
[White "Tukhaev, Adam"]
[WhiteElo "2534"]
[Black "Panakhova, Olena"]
[BlackElo "2023"]
[Result "1-0"]
[EventDate "2010.05.02"]
[PlyCount "57"]

1. e4 c5 2. Nf3 d6 3. d4 cxd4 4. Nxd4 Nf6 5. Nc3 a6 6. h3 e5 7. Nde2 b5 8. g4
Bb7 9. Bg2 b4 10. Nd5 Nxd5 11. exd5 Nd7 12. Ng3 Qa5 13. O-O Nf6 14. a3 Bxd5 15.
axb4 Qxa1 16. Bxd5 Rb8 17. Bc6+ Kd8 18. g5 Rxb4 19. gxf6 gxf6 20. Qd5 Kc7 21.
Bd2 Qxb2 22. Bxb4 Qxb4 23. Ra1 Qb6 24. Ra4 Kb8 25. Ra3 Qc5 26. Rb3+ Kc8 27.
Bb7+ Kd8 28. Qxf7 Qxc2 29. Bd5 1-0

[Event "79th UKR-ch"]
[Site "Alushta UKR"]
[Date "2010.05.04"]
[Round "2"]
[White "Dolzhykova, Kateryna"]
[WhiteElo "2300"]
[Black "Burakovsky, Marat"]
[BlackElo "2008"]
[Result "1-0"]
[EventDate "2010.05.02"]
[PlyCount "81"]

1. e4 e5 2. Nf3 Nc6 3. Bb5 Nd4 4. Nxd4 exd4 5. O-O c6 6. Ba4 Nf6 7. d3 d6 8. c3
dxc3 9. Nxc3 Be7 10. h3 O-O 11. d4 Be6 12. Bc2 Bc4 13. Re1 h6 14. Qf3 Nh7 15.
e5 Bg5 16. Bxh7+ Kxh7 17. Bxg5 Qxg5 18. Ne4 Qg6 19. Nxd6 Bd5 20. Qf5 Rad8 21.
Qxg6+ Kxg6 22. b3 Rd7 23. Re3 Rfd8 24. Rae1 Kh7 25. f4 g6 26. g4 Rg8 27. Rg3
Kh8 28. Kh2 Rc7 29. f5 Rd7 30. h4 Rgd8 31. Rf1 Kh7 32. Re3 Re7 33. Rf2 Rg8 34.
Rg3 Rd8 35. Rg1 Rc7 36. Rgf1 Kg7 37. fxg6 fxg6 38. h5 g5 39. Rf6 c5 40. Nf5+
Kg8 41. Rd6 1-0